00542nam a2200181Ii 45000010005000000030009000050080041000140400033000550410008000880820015000961000020001112450072001312640064002033000012002673360026002793370028003053380027003335286CO-ViMGA241108s9999||||xx |||||||||||||| ||und|| aCO-ViMGAbspaerdacCO-ViMGA0 aunk04a808.8-R6231 aFrancisco Ribes10aPáginas literarias:bAntología de la prosa en lengua española 1a[Lugar de publicación no identificado] : Santillana, 1968 avolumen atextbtxt2rdacontent aunmediatedbn2rdamedia avolumebnc2rdacarrier